| 000 | 00423nam a2200157 i 4500 | ||
|---|---|---|---|
| 001 | 102571 | ||
| 003 | ES-MaACL | ||
| 005 | 20230906183133.0 | ||
| 007 | t| | ||
| 008 | 051117s1971 sp ||||1| spa d | ||
| 100 | 1 |
_aMerino, José. _980519 |
|
| 245 | 1 | 0 |
_aInglés para nuevas profesiones / _cJosé Merino. |
| 260 |
_aValladolid : _bInsade, _c1971. |
||
| 300 |
_a390 p. ; _c21 cm. |
||
| 852 |
_aES-MaACL _jC-41135 _bR.80345 |
||
| 999 |
_c102571 _d102571 |
||